| 000 | 00970cam a2200313 a 4500 | ||
|---|---|---|---|
| 001 | 7088 | ||
| 003 | BD-RjUL | ||
| 005 | 20211208234349.0 | ||
| 008 | 14 t19731960ne a 001 0 eng | ||
| 035 | _a(OCoLC)1813283 | ||
| 035 | _a(BD-RjUL)7130 | ||
| 040 |
_aDLC _cFMU _dViNE _d*UKM* _dMoKL _dCStRLIN _dBD-RjUL _beng |
||
| 041 | _aeng | ||
| 060 | _aQA 37 D313i 1960 | ||
| 082 | 0 | 0 |
_a510 _223 _bDEI 1973 |
| 090 |
_aQA37 _b.D4 1960 |
||
| 100 | 1 |
_aDefares, J. G. _922200 |
|
| 245 | 1 | 3 |
_aAn introduction to the mathematics of medicine and biology / _cby J.G. Defares and I.N. Sneddon. |
| 260 |
_aAmsterdam : _bNorth-Holland, _c1973. |
||
| 300 |
_axii, 663 p. : _bill. ; _c23 cm. |
||
| 504 | _aIncludes index. | ||
| 650 | 0 |
_aMathematics. _922201 |
|
| 650 | 0 |
_aBiomathematics. _920804 |
|
| 650 | 0 |
_aMedicine _vMathematics _9223609 |
|
| 700 | 1 |
_aSneddon, Ian Naismith. _920450 |
|
| 740 | 0 | _aMathematics of medicine and biology. | |
| 942 |
_2ddc _cBK |
||
| 999 |
_c7088 _d7088 |
||